|
|
|
|
| LEADER |
00000cam a2200000 a 4500 |
| 001 |
35349 |
| 003 |
CZ-ZlUTB |
| 005 |
20220830090917.0 |
| 007 |
tu |
| 008 |
970805s1996 xr e 001 0 cze |
| 020 |
|
|
|a 8085866137
|q (brož.)
|
| 040 |
|
|
|a ABA001
|b cze
|
| 072 |
|
7 |
|a 613
|x Hygiena. Lidské zdraví
|2 Konspekt
|9 14
|
| 080 |
|
|
|a 613.2
|2 undef
|
| 100 |
1 |
|
|a Fraňková, Slávka,
|d 1931-
|7 nlk19990073158
|4 aut
|
| 245 |
1 |
0 |
|a Výživa a psychické zdraví /
|c Slávka Fraňková
|
| 250 |
|
|
|a Vyd. 1.
|
| 260 |
|
|
|a Praha :
|b ISV,
|c 1996
|
| 300 |
|
|
|a 271 s. ;
|c 21 cm
|
| 500 |
|
|
|a Terminol. slovníček
|
| 504 |
|
|
|a Jmenný a věcný rejstřík
|
| 504 |
|
|
|a Bibliogr.
|
| 650 |
0 |
7 |
|a hygiena výživy
|7 ph120989
|2 czenas
|
| 650 |
0 |
7 |
|a potraviny
|7 ph115833
|2 czenas
|
| 650 |
0 |
7 |
|a výživa člověka
|7 ph127487
|x lidské chování
|2 czenas
|
| 650 |
0 |
4 |
|a zdravá výživa
|
| 650 |
0 |
7 |
|a děti
|7 ph114392
|2 czenas
|
| 650 |
0 |
7 |
|a podvýživa
|7 ph196638
|2 czenas
|
| 650 |
0 |
7 |
|a vitaminy
|7 ph116579
|2 czenas
|
| 655 |
|
7 |
|a populárně-naučné publikace
|7 fd131864
|2 czenas
|
| 910 |
|
|
|a ZLD002
|
| 952 |
|
|
|0 0
|1 0
|4 0
|6 61FRAŇKOVÁS
|7 0
|8 BOOK
|9 80220
|a UTBZL
|b UTBZL
|c 005
|d 2008-02-06
|l 0
|o 61/FRAŇKOVÁ,S.
|p 420010114628
|r 2019-08-26 00:00:00
|v 96.00
|w 2019-08-26
|x N:převod - VVŠPV Vyškov | 20100831
|y 01
|
| 992 |
|
|
|a BK
|b SK
|
| 999 |
|
|
|c 35349
|d 35349
|